|
|
|
|
| LEADER |
00000nas a2200000 i 4500 |
| 001 |
ssj0001645546 |
| 003 |
WaSeSS |
| 005 |
20200512172242.0 |
| 006 |
m d |
| 007 |
cr n |
| 008 |
151023c20159999dcuqr p s 0 a0eng |
| 010 |
|
|
|a 2015203023
|
| 022 |
|
|
|a 2381-5868
|
| 035 |
|
|
|a (WaSeSS)ssj0001645546
|
| 037 |
|
|
|b American Bar Association, Section of Taxation, 1050 Connecticut Ave., NW, Ste. 400, Washington, DC 20036
|c free
|
| 040 |
|
|
|a DLC
|b eng
|c DLC
|d DLC
|d SLA
|d OCLCO
|d DLC
|d OCLCF
|d OCLCO
|d CUS
|d COO
|d VT2
|d WaSeSS
|
| 042 |
|
|
|a pcc
|a nsdp
|
| 050 |
0 |
0 |
|a K4464.A15
|
| 082 |
1 |
0 |
|a 343
|2 23
|
| 222 |
|
0 |
|a ABA tax times
|
| 245 |
0 |
0 |
|a ABA tax times
|h [electronic resource].
|
| 246 |
1 |
|
|a American Bar Association tax times
|
| 260 |
|
|
|a Washington, DC :
|b American Bar Association, Section of Taxation,
|c [2015-]
|
| 310 |
|
|
|a Quarterly
|
| 362 |
1 |
|
|a Began with: Vol. 35, No. 1 (October 2015).
|
| 506 |
|
|
|a License restrictions may limit access.
|
| 588 |
|
|
|a Description based on: Vol. 35, No. 1 (October 2015); title from caption (americanbar.org, viewed March 17, 2016).
|
| 588 |
|
|
|a Latest issue consulted: Vol. 35, No. 2 (February 2016) (viewed March 17, 2016).
|
| 650 |
|
0 |
|a Taxation
|x Law and legislation
|z United States
|v Periodicals.
|
| 650 |
|
7 |
|a Taxation
|x Law and legislation.
|2 fast
|0 (OCoLC)fst01143921
|
| 651 |
|
7 |
|a United States.
|2 fast
|0 (OCoLC)fst01204155
|
| 655 |
|
0 |
|a Electronic journals.
|
| 710 |
2 |
|
|a American Bar Association.
|b Section of Taxation.
|
| 780 |
0 |
0 |
|t NewsQuarterly
|x 2163-1778
|w (DLC) 2010250872
|w (OCoLC)271201033
|
| 850 |
|
|
|a DLC
|
| 856 |
4 |
0 |
|z Full text available from Research Library: 01/01/2008 to present
|u https://search.proquest.com/publication/29526
|